000 00507nam a2200193Ia 4500
003 GCL
008 140319s9999 xx 000 0 ara d
040 _aGCL /
_cGCL
082 0 4 _a812.008
_bهـ ا
100 1 _aهالة البدرى
245 1 0 _aاجنحة الحصان /
_cهالة البدرى
300 _a87 ص
490 _aمختارات فصول
_v0
650 0 4 _aالادب العربى
650 0 4 _aالادب
650 0 4 _aالشعر
650 0 4 _aالمجموعات
942 _2ddc
_cBK
999 _c40364
_d40364